| 000 | 01623nam a2200241Ia 4500 | ||
|---|---|---|---|
| 003 | Ost | ||
| 005 | 20260416102349.0 | ||
| 008 | 260416s9999||||xx |||||||||||||| ||und|| | ||
| 040 | _cfsecg | ||
| 041 | _aara | ||
| 082 | _a657.7 | ||
| 100 |
_aطرفاني، عتيقة _eمؤلف |
||
| 245 | 0 |
_aالمحاسبة الإدارية بين النظرية والتطبيق / _c عتيقة طرفاني |
|
| 260 |
_aالجزائر _bجامعة الجزائر3: كلية العلوم الإقتصادية، العلوم التجارية وعلوم التسيير _c2013 |
||
| 300 |
_a112 ورقة _bايضاحات _c30 سم |
||
| 504 | _aمراجع ص.110 | ||
| 520 | _aما هية المحاسبة ، مسؤولية المحاسب الاداري في اتخاذ القرار ، خصائص تقارير المحاسبة الادارية ،علاقة المحاسبة الادارية وفروع المعرفة الاخرى والاساليب والادوات التي تستخدمها ،المحاسبة الادارية وعملية ترشيد القرارات ، المحاسبة الادارية والتكلفة ، مفهوم الموازنات التخطيطية ، الاساليب الحديثة في تحليل التكاليف ، استعمال بحوث العمليات في عمليات اتخاذ القرار | ||
| 653 | _aاتخاذ القرار | ||
| 653 | _aالمحاسبة | ||
| 653 | _aالمحاسبة الادارية | ||
| 710 |
_aجامعة الجزائر3: كلية العلوم الإقتصادية، العلوم التجارية وعلوم التسيير _eناشر علمي |
||
| 942 | _cHANDOUT | ||
| 999 |
_c40948 _d40948 |
||